[Event "34th Zalakaros Open 2015"]
[Site "Zalakaros HUN"]
[Date "2015.05.15"]
[Round "2.3"]
[White "Czebe, Attila"]
[Black "Efimenko, Zahar"]
[Result "0-1"]
[WhiteTitle "GM"]
[BlackTitle "GM"]
[WhiteElo "2474"]
[BlackElo "2656"]
[WhiteFideId "705268"]
[BlackFideId "14107201"]
[EventDate "2015.05.14"]
[EventType "swiss"]

1. Nf3 Nf6 2. c4 g6 3. Nc3 d6 4. g3 Bg7 5. Bg2 O-O 6. O-O Nc6 7. Rb1 a5 8. a3 e5
9. d3 h6 10. b4 axb4 11. axb4 Re8 12. b5 Nd4 13. e3 Nxf3+ 14. Bxf3 Rb8 15. Bg2
Bg4 16. Qc2 Qd7 17. Nd5 c6 18. Nxf6+ Bxf6 19. e4 Bg7 20. Be3 Be6 21. Qd2 h5 22.
f4 exf4 23. Bxf4 Ra8 24. Bh6 Bd4+ 25. Be3 Bxe3+ 26. Qxe3 Ra3 27. Bf3 Qe7 28. Be2
Bxc4 29. Qc1 Bxd3 30. Qxa3 Bxe2 31. Rf4 Bxb5 32. Qf3 Bc4 33. Qf2 b5 34. Qb6 d5
35. Re1 Qd6 36. Rd1 Qe5 37. Rd4 b4 38. Kg2 Rf8 39. Qc5 Qb8 40. Qxc6 b3 0-1

[Event "34th Zalakaros Open 2015"]
[Site "Zalakaros HUN"]
[Date "2015.05.15"]
[Round "2.4"]
[White "Smith, Bryan G"]
[Black "Papp, Gabor1"]
[Result "0-1"]
[WhiteTitle "GM"]
[BlackTitle "GM"]
[WhiteElo "2467"]
[BlackElo "2594"]
[WhiteFideId "2017083"]
[BlackFideId "718602"]
[EventDate "2015.05.14"]
[EventType "swiss"]

1. Nf3 d5 2. g3 Nf6 3. Bg2 e6 4. O-O Be7 5. d3 O-O 6. Nbd2 c5 7. e4 Nc6 8. Re1
b5 9. e5 Nd7 10. Nf1 a5 11. h4 b4 12. N1h2 Re8 13. Ng4 Bf8 14. c4 bxc3 15. bxc3
Ba6 16. Bf4 Rb8 17. h5 h6 18. Qd2 Kh7 19. Rab1 Rxb1 20. Rxb1 Qc7 21. c4 dxc4 22.
dxc4 Rd8 23. Rd1 Nb6 24. Qc2+ Kg8 25. Rxd8 Qxd8 26. Bxh6 Bxc4 27. Bg5 Qd3 28.
Qb2 Bd5 29. Qxb6 Bxf3 30. Be3 Qd1+ 31. Kh2 Ne7 32. Nf6+ gxf6 33. exf6 Bxg2 34.
Kxg2 Nd5 35. Bxc5 Nxb6 0-1

[Event "34th Zalakaros Open 2015"]
[Site "Zalakaros HUN"]
[Date "2015.05.15"]
[Round "2.5"]
[White "Bluebaum, Matthias"]
[Black "Raznikov, Danny"]
[Result "1-0"]
[WhiteTitle "IM"]
[BlackTitle "IM"]
[WhiteElo "2594"]
[BlackElo "2484"]
[WhiteFideId "24651516"]
[BlackFideId "2811154"]
[EventDate "2015.05.14"]
[EventType "swiss"]

1. d4 Nf6 2. c4 e6 3. Nf3 d5 4. g3 Be7 5. Bg2 O-O 6. O-O dxc4 7. Ne5 Nc6 8. Bxc6
bxc6 9. Nxc6 Qe8 10. Nxe7+ Qxe7 11. Na3 Rd8 12. Qc2 Rxd4 13. Nxc4 a5 14. b3 Bb7
15. Bb2 Rdd8 16. Rfd1 Rxd1+ 17. Rxd1 Nd5 18. Qd2 Qb4 19. Qd4 f6 20. Qg4 Re8 21.
e4 Nb6 22. Bxf6 1-0

[Event "34th Zalakaros Open 2015"]
[Site "Zalakaros HUN"]
[Date "2015.05.15"]
[Round "2.6"]
[White "Burmakin, Vladimir"]
[Black "Romanishin, Oleg M"]
[Result "1/2-1/2"]
[WhiteTitle "GM"]
[BlackTitle "GM"]
[WhiteElo "2585"]
[BlackElo "2466"]
[WhiteFideId "4105109"]
[BlackFideId "14100088"]
[EventDate "2015.05.14"]
[EventType "swiss"]

1. Nf3 Nf6 2. g3 d5 3. Bg2 g6 4. b3 Bg7 5. Bb2 c5 6. c4 d4 7. b4 O-O 8. O-O Re8
9. bxc5 Ne4 10. d3 Nxc5 11. Ba3 Nba6 12. Nbd2 e5 13. Nb3 Bf8 14. Nfd2 Rb8 15.
Nxc5 Nxc5 16. Bxc5 Bxc5 17. Nb3 Bf8 18. Rb1 Qc7 19. Qd2 b6 20. a4 1/2-1/2

[Event "34th Zalakaros Open 2015"]
[Site "Zalakaros HUN"]
[Date "2015.05.15"]
[Round "2.7"]
[White "Schreiner, Peter"]
[Black "Wagner, Dennis"]
[Result "1/2-1/2"]
[WhiteTitle "IM"]
[BlackTitle "IM"]
[WhiteElo "2449"]
[BlackElo "2572"]
[WhiteFideId "1621645"]
[BlackFideId "24650684"]
[EventDate "2015.05.14"]
[EventType "swiss"]

1. Nf3 Nf6 2. c4 e6 3. g3 d5 4. b3 d4 5. Bg2 c5 6. d3 Nc6 7. O-O Bd6 8. e4 e5 9.
Kh1 Bd7 10. Nh4 g6 11. a3 O-O 12. Bh6 Re8 13. Bg5 Be7 14. Nf3 a6 15. Ng1 Ng4 16.
Bxe7 Qxe7 17. h3 Nf6 18. Nd2 h5 19. Ne2 h4 20. g4 g5 21. f3 Nh7 22. Qc2 Nf8 23.
Rfb1 b5 24. Nc1 Reb8 25. Na2 Ne6 26. Rb2 Rb7 27. Rab1 Rab8 28. Nc1 Kg7 29. Na2
Nf4 30. Bf1 Na7 31. Kg1 Nc8 32. Rc1 Rc7 33. Rcb1 Nd6 34. Nc1 Ne6 35. Bg2 Rcb7
36. Na2 Qf6 37. Nc1 Qf4 38. Nf1 Qf6 39. Nd2 Rb6 40. Ne2 Qd8 41. Bf1 Qc7 42. Nc1
Qb7 43. Kf2 Qc7 44. Kg1 R6b7 45. Ra1 Nf4 46. Kf2 Rc8 47. Raa2 Qd8 48. Kg1 Qf6
49. Ra1 Ne6 50. Bg2 Rcc7 51. Rab1 a5 52. Ne2 Qd8 53. Bf1 Qb8 54. Qc1 Rb6 55.
cxb5 Bxb5 56. Nc4 Bxc4 57. bxc4 Rcb7 58. Rxb6 Rxb6 59. Rxb6 Qxb6 60. Qc2 Nc8 61.
Kf2 Ne7 62. Nc1 Ng6 63. Qb3 Qd8 64. Ne2 Qf6 65. Qb2 Ngf4 66. Qd2 Nxe2 67. Kxe2
Nf4+ 68. Kd1 Qb6 69. Qc2 Ng6 70. Be2 Qf6 71. Qd2 Nf4 72. Bf1 Qb6 73. Qc2 Kf8 74.
Kc1 Ke7 75. Qb2 Qxb2+ 76. Kxb2 Kd6 77. a4 Ne6 78. Kb3 Nd8 79. Be2 Nc6 80. Bf1
Nb4 81. Kb2 Nc6 82. Kb3 Nb4 1/2-1/2

[Event "34th Zalakaros Open 2015"]
[Site "Zalakaros HUN"]
[Date "2015.05.15"]
[Round "2.8"]
[White "Deac, Bogdan-Daniel"]
[Black "Ruck, Robert"]
[Result "1/2-1/2"]
[WhiteTitle "IM"]
[BlackTitle "GM"]
[WhiteElo "2437"]
[BlackElo "2562"]
[WhiteFideId "1226380"]
[BlackFideId "705713"]
[EventDate "2015.05.14"]
[EventType "swiss"]

1. c4 e5 2. Nc3 Nf6 3. Nf3 Nc6 4. g3 d5 5. cxd5 Nxd5 6. Bg2 Nb6 7. a3 Be7 8. b4
O-O 9. O-O Re8 10. d3 Bf8 11. e3 a6 12. Qc2 Bf5 13. Rd1 Qd7 14. Ng5 Red8 15.
Nge4 Bh3 16. Bh1 Qf5 17. Rb1 Nd7 18. Qe2 Qg6 19. Nd5 Rac8 20. Bf3 Be6 21. Ndc3
f5 22. Nd2 Nf6 23. b5 axb5 24. Rxb5 Rb8 25. Bg2 f4 26. Bxc6 bxc6 27. Rxb8 Rxb8
28. exf4 Bg4 29. f3 Bf5 30. Nde4 exf4 31. Bxf4 Nd5 32. Nxd5 cxd5 33. Nf2 Re8 34.
Qc2 c5 35. Qb3 Qc6 36. Rc1 Be6 37. a4 Ra8 38. Re1 c4 39. Qb5 Bd7 40. dxc4 dxc4
41. Qxc6 Bxc6 42. Ne4 Rxa4 43. Rd1 Be7 44. Bg5 Kf7 45. Nd6+ Bxd6 46. Rxd6 Bxf3
47. Rd7+ Kg6 48. Be3 Ra2 49. Rc7 Bd5 50. Rc5 Be6 51. h4 Re2 52. Bd4 h5 53. Rg5+
Kf7 54. Rxg7+ Kf8 55. Rc7 Rd2 56. Be5 Ke8 57. Bf6 Bd5 58. Re7+ Kf8 59. Rd7 Rd3
60. Be5 Ke8 61. Rc7 Kd8 62. Rh7 Bf3 63. Bf6+ Kc8 64. Be5 Rd5 65. Rc7+ Kd8 66.
Bf4 Rd4 67. Rc5 Kd7 68. Be5 Re4 69. Bc3 Kd6 70. Rf5 Re3 71. Bb4+ Ke6 72. Kf2 Rb3
73. Rxf3 Rxb4 74. Rf4 Ke5 75. Ke2 Rb2+ 76. Kd1 c3 77. Rc4 Rd2+ 78. Kc1 Rd3 79.
g4 hxg4 80. Rxg4 Rh3 81. Kc2 Kf5 82. Rc4 Kg6 83. Rxc3 Rxc3+ 84. Kxc3 Kh5 85. Kd2
Kxh4 1/2-1/2

[Event "34th Zalakaros Open 2015"]
[Site "Zalakaros HUN"]
[Date "2015.05.15"]
[Round "2.9"]
[White "Vajda, Levente"]
[Black "Havasi, Gergo"]
[Result "0-1"]
[WhiteTitle "GM"]
[WhiteElo "2554"]
[BlackElo "2319"]
[WhiteFideId "1203975"]
[BlackFideId "760293"]
[EventDate "2015.05.14"]
[EventType "swiss"]

1. Nf3 d5 2. g3 c6 3. Bg2 Bf5 4. O-O e6 5. d4 Nf6 6. c4 Nbd7 7. Nc3 Be7 8. Nd2
O-O 9. e4 dxe4 10. Ndxe4 Nxe4 11. Nxe4 Nf6 12. Nc3 Qb6 13. Na4 Qa6 14. Qb3 Rad8
15. Rd1 Be4 16. Bf1 Qa5 17. Nc3 Rd7 18. Nxe4 Nxe4 19. Qf3 Nf6 20. Bd2 Qb6 21.
Bc3 Bb4 22. Bh3 Bxc3 23. bxc3 Qa5 24. Rdb1 Re7 25. Rb2 e5 26. Rab1 e4 27. Qe3
Qh5 28. Kg2 b6 29. Qe2 Qa5 30. Rc2 Rfe8 31. Re1 Qa4 32. Kg1 e3 33. f3 b5 34.
cxb5 cxb5 35. c4 Rc7 36. Bf1 Nd5 37. Rec1 bxc4 38. Rxc4 Rxc4 39. Rxc4 Qa3 40.
Rc5 Nc3 41. Qd3 e2 42. Rxc3 Qxc3 43. Qxc3 e1=Q 44. Qc5 Qe7 45. Qc4 Rd8 46. Kf2
Qd6 47. Ke3 Qh6+ 48. Kf2 Qd2+ 0-1

[Event "34th Zalakaros Open 2015"]
[Site "Zalakaros HUN"]
[Date "2015.05.15"]
[Round "2.10"]
[White "Korpa, Bence"]
[Black "Gonda, Laszlo"]
[Result "1/2-1/2"]
[WhiteTitle "IM"]
[BlackTitle "GM"]
[WhiteElo "2435"]
[BlackElo "2553"]
[WhiteFideId "706671"]
[BlackFideId "720852"]
[EventDate "2015.05.14"]
[EventType "swiss"]

1. Nf3 d5 2. c4 d4 3. b4 f6 4. e3 e5 5. c5 Be6 6. exd4 e4 7. Qe2 Ne7 8. Qxe4 Bd5
9. Qe3 Nc6 10. Bb5 Bxf3 11. Qxf3 Qxd4 1/2-1/2

[Event "34th Zalakaros Open 2015"]
[Site "Zalakaros HUN"]
[Date "2015.05.15"]
[Round "2.11"]
[White "Kantor, Gergely"]
[Black "Szabo, Gergely-Andras-Gyula"]
[Result "0-1"]
[WhiteTitle "IM"]
[BlackTitle "GM"]
[WhiteElo "2402"]
[BlackElo "2548"]
[WhiteFideId "751499"]
[BlackFideId "1205064"]
[EventDate "2015.05.14"]
[EventType "swiss"]

1. d4 Nf6 2. Nf3 e6 3. c4 b6 4. g3 Ba6 5. b3 Bb4+ 6. Bd2 Be7 7. Nc3 d5 8. cxd5
exd5 9. Bg2 O-O 10. O-O c6 11. Rc1 Nbd7 12. Re1 Re8 13. Bg5 h6 14. Bxf6 Nxf6 15.
Ne5 Rc8 16. e4 Bb4 17. Re3 Rxe5 18. dxe5 d4 19. Re1 Bxc3 20. exf6 Bxe1 21. Qxe1
Qxf6 22. e5 Qe6 23. f4 c5 24. Qe4 g6 25. Rd1 Rb8 26. Qc2 Bb7 27. Bxb7 Rxb7 28.
Qe4 Rd7 29. Kg2 Kg7 30. h3 h5 31. Rd2 b5 32. Rd1 a6 33. Rd2 Qd5 34. Kf3 c4 35.
Qxd5 Rxd5 36. bxc4 bxc4 37. Ke2 g5 38. Rd1 h4 39. Kf3 c3 40. Ke4 c2 41. Rc1 d3
42. Kxd5 d2 43. Rxc2 d1=Q+ 0-1

[Event "34th Zalakaros Open 2015"]
[Site "Zalakaros HUN"]
[Date "2015.05.15"]
[Round "2.12"]
[White "Horvath, Jozsef1"]
[Black "Mokal, Amruta Sunil"]
[Result "1-0"]
[WhiteTitle "GM"]
[WhiteElo "2538"]
[BlackElo "2130"]
[WhiteFideId "700061"]
[BlackFideId "5016371"]
[EventDate "2015.05.14"]
[EventType "swiss"]

1. d4 Nf6 2. Nf3 e6 3. e3 d5 4. c4 Bd6 5. Nc3 b6 6. a3 O-O 7. b4 c5 8. dxc5 bxc5
9. b5 Ne4 10. Bb2 Bb7 11. Qb3 Qa5 12. Bd3 Nd7 13. O-O Nb6 14. Bxe4 dxe4 15. Ng5
Be7 16. Ngxe4 a6 17. Rfd1 Rfd8 18. f3 axb5 19. cxb5 c4 20. Qc2 f5 21. Nf2 Bc5
22. Qe2 Rxd1+ 23. Nfxd1 Rd8 24. Nf2 Qa7 25. Kf1 Na4 26. Rd1 Rxd1+ 27. Nfxd1 Nxb2
28. Nxb2 Qxa3 29. Qxc4 Bxe3 30. Qxe6+ Kf8 31. Qxf5+ Ke8 32. Nbd1 Bc5 33. Qxh7
Bf8 34. Qg6+ Kd8 35. Qd3+ Kc7 36. Nd5+ Kb8 37. Qxa3 Bxa3 38. N1c3 Kc8 39. Ke2
Kd7 40. Kd3 Kd6 41. Ne3 Kc5 42. Nc2 Bc1 43. Nd4 Bh6 44. Ne4+ Kb6 45. Nf5 Bf4 46.
h4 Be5 47. Ned6 Bd5 48. Nc4+ Bxc4+ 49. Kxc4 Bf6 50. h5 Be5 51. Ne7 Bg3 52. Nd5+
Kb7 53. Kd4 Kc8 54. Ke4 Kd7 55. f4 Kd6 56. Ne3 1-0

[Event "34th Zalakaros Open 2015"]
[Site "Zalakaros HUN"]
[Date "2015.05.15"]
[Round "2.13"]
[White "Warakomska, Anna"]
[Black "Boruchovsky, Avital"]
[Result "0-1"]
[WhiteTitle "WFM"]
[BlackTitle "GM"]
[WhiteElo "2260"]
[BlackElo "2517"]
[WhiteFideId "1130790"]
[BlackFideId "2800055"]
[EventDate "2015.05.14"]
[EventType "swiss"]

1. e4 c5 2. Nf3 d6 3. d4 cxd4 4. Nxd4 Nf6 5. Nc3 a6 6. h3 e5 7. Nde2 h5 8. Bg5
Be6 9. Bxf6 Qxf6 10. Nd5 Qd8 11. Nec3 g6 12. Bc4 Bh6 13. O-O O-O 14. Bb3 Nc6 15.
Qd3 Rc8 16. Rad1 Nd4 17. Ne2 Nxb3 18. Qxb3 b5 19. a4 Rc4 20. Nec3 Qg5 21. Rd3
Rb8 22. axb5 axb5 23. Re1 Rc5 24. Qb4 Kg7 25. Ra1 h4 26. Kh1 Qd8 27. Ra6 Rc4 28.
Qb3 Qc8 29. Rxd6 b4 30. Na4 Rxc2 31. Nab6 Qc5 32. Qxb4 Qxf2 0-1

[Event "34th Zalakaros Open 2015"]
[Site "Zalakaros HUN"]
[Date "2015.05.15"]
[Round "2.14"]
[White "Grimm, Daniel"]
[Black "Sadzikowski, Daniel"]
[Result "0-1"]
[WhiteTitle "FM"]
[BlackTitle "IM"]
[WhiteElo "2255"]
[BlackElo "2494"]
[WhiteFideId "740080"]
[BlackFideId "1132253"]
[EventDate "2015.05.14"]
[EventType "swiss"]

1. e4 c5 2. Nf3 e6 3. d4 cxd4 4. Nxd4 Nc6 5. Nb5 d6 6. Bf4 e5 7. Be3 Nf6 8. Bg5
a6 9. N5c3 Be7 10. Bxf6 Bxf6 11. Nd2 Be6 12. Nc4 O-O 13. Qxd6 Qe8 14. Nd5 Bxd5
15. Qxd5 Rd8 16. Qc5 Be7 17. Qb6 Nb4 18. Bd3 Rxd3 19. cxd3 Bc5 20. Qxb7 Nxd3+
21. Kf1 Nxf2 22. Qd5 Ba7 23. Ke2 Qc8 24. Rhc1 Qg4+ 25. Kf1 Nxe4 26. Nxe5 Qf5+
27. Ke2 Nf6 28. Qa5 Re8 0-1

[Event "34th Zalakaros Open 2015"]
[Site "Zalakaros HUN"]
[Date "2015.05.15"]
[Round "2.15"]
[White "Laza, Szabolcs"]
[Black "Banusz, Tamas"]
[Result "0-1"]
[BlackTitle "GM"]
[WhiteElo "2176"]
[BlackElo "2590"]
[WhiteFideId "741345"]
[BlackFideId "722413"]
[EventDate "2015.05.14"]
[EventType "swiss"]

1. d4 Nf6 2. c4 e6 3. Nf3 Bb4+ 4. Bd2 c5 5. g3 Qb6 6. Qb3 Nc6 7. dxc5 Bxd2+ 8.
Nbxd2 Qxc5 9. Bg2 b6 10. O-O Bb7 11. Rac1 O-O 12. Qc3 Rac8 13. a3 a5 14. Nb3 Qe7
15. Nbd4 Ba6 16. Qe3 a4 17. Nxc6 Rxc6 18. Ne5 Rc5 19. Nd3 Rxc4 20. Qxb6 Rxc1 21.
Nxc1 Bc4 22. Qa5 d5 23. Qxa4 Rb8 24. b3 Bb5 25. Qa5 Qb7 26. a4 Be8 27. Qd2 Nd7
28. Re1 Nc5 29. Qc3 Rc8 30. Qe3 Qb4 31. Rd1 Nb7 32. Na2 Qa3 33. Rc1 Rc5 34. Rxc5
Nxc5 35. Qc1 Qxb3 36. Qxc5 Qxa2 37. a5 h5 38. Qc8 Qa4 39. a6 Kh7 40. a7 Bb5 41.
Be4+ Qxe4 42. a8=Q Qb1+ 43. Kg2 Bxe2 0-1

[Event "34th Zalakaros Open 2015"]
[Site "Zalakaros HUN"]
[Date "2015.05.15"]
[Round "2.16"]
[White "Berkes, Ferenc"]
[Black "Bagi, Mate"]
[Result "1-0"]
[WhiteTitle "GM"]
[BlackTitle "FM"]
[WhiteElo "2664"]
[BlackElo "2417"]
[WhiteFideId "718572"]
[BlackFideId "742570"]
[EventDate "2015.05.14"]
[EventType "swiss"]

1. d4 Nf6 2. c4 g6 3. g3 Bg7 4. Bg2 d5 5. cxd5 Nxd5 6. e4 Nb6 7. Ne2 c5 8. d5 e6
9. O-O O-O 10. Nec3 exd5 11. exd5 Na6 12. Nd2 Bf5 13. Nde4 Qd7 14. Bg5 Bxe4 15.
Nxe4 f5 16. Nc3 Nc4 17. d6 Nxd6 18. Re1 Rae8 19. Qd5+ Kh8 20. Bf4 Rd8 21. Rad1 1-0

[Event "34th Zalakaros Open 2015"]
[Site "Zalakaros HUN"]
[Date "2015.05.15"]
[Round "2.17"]
[White "Melkumyan, Hrant"]
[Black "Schachinger, Mario"]
[Result "1-0"]
[WhiteTitle "GM"]
[BlackTitle "IM"]
[WhiteElo "2654"]
[BlackElo "2421"]
[WhiteFideId "13302485"]
[BlackFideId "1616773"]
[EventDate "2015.05.14"]
[EventType "swiss"]

1. d4 Nf6 2. c4 g6 3. Nc3 Bg7 4. e4 d6 5. h3 O-O 6. Bg5 c5 7. d5 Na6 8. Nf3 Nc7
9. Be2 a6 10. a4 Rb8 11. a5 b5 12. axb6 Rxb6 13. Qc1 Bd7 14. O-O Qb8 15. Ra2 e6
16. e5 dxe5 17. Nxe5 Be8 18. d6 Rxd6 19. Qe3 Qb6 20. Bf3 Rd4 21. Rc1 Nd7 22. Nc6
Rxc4 23. Qe2 Rxc3 24. bxc3 Nf6 25. Rb2 Nb5 26. Ne7+ Kh8 27. c4 Qc7 28. cxb5 axb5
29. Qe3 c4 30. Qa3 Qe5 31. Bxf6 Qxf6 32. Re2 Qg5 33. Rd1 c3 34. Qb4 h5 35. h4
Qf6 36. Rd3 Kh7 37. Be4 Qf4 38. g3 Qc7 39. Rc2 f5 40. Rdxc3 Qe5 41. Bf3 Qe1+ 42.
Kg2 Bxc3 43. Qxc3 Qxc3 44. Rxc3 Kg7 45. Nc8 b4 46. Rc7+ Kf6 47. Nd6 Ke5 48. Nxe8
Rxe8 49. Rb7 Kf6 50. Rxb4 e5 51. Rb6+ Kg7 52. Rb7+ Kf6 53. Rb6+ Kg7 54. Bc6 Rd8
55. Rb7+ Kf6 56. Rd7 Rb8 57. Rd6+ Kg7 58. Re6 Rb6 59. Bd5 Rxe6 60. Bxe6 Kf6 61.
Bd7 g5 62. Be8 gxh4 63. gxh4 e4 64. Bxh5 f4 65. Be2 Kf5 66. Kh3 f3 67. Bxf3 1-0

[Event "34th Zalakaros Open 2015"]
[Site "Zalakaros HUN"]
[Date "2015.05.15"]
[Round "2.18"]
[White "Adhiban, Baskaran"]
[Black "Kozak, Adam"]
[Result "1-0"]
[WhiteTitle "GM"]
[BlackTitle "FM"]
[WhiteElo "2636"]
[BlackElo "2341"]
[WhiteFideId "5018471"]
[BlackFideId "753246"]
[EventDate "2015.05.14"]
[EventType "swiss"]

1. c4 c6 2. e4 d5 3. exd5 cxd5 4. d4 Nf6 5. Nc3 e6 6. Nf3 Bb4 7. cxd5 Nxd5 8.
Qc2 O-O 9. Bd3 h6 10. O-O Nc6 11. a3 Bxc3 12. bxc3 b6 13. c4 Nf6 14. Bb2 Bb7 15.
Rad1 Rc8 16. d5 exd5 17. Bf5 Nd7 18. Rxd5 Ncb8 19. Rd6 Bxf3 20. Qc3 f6 21. Qxf3
Kh8 22. Qg4 Rc7 23. Qg6 1-0

[Event "34th Zalakaros Open 2015"]
[Site "Zalakaros HUN"]
[Date "2015.05.15"]
[Round "2.19"]
[White "Ekdyshman, Mikhail"]
[Black "Kovchan, Alexander"]
[Result "1/2-1/2"]
[WhiteTitle "IM"]
[BlackTitle "GM"]
[WhiteElo "2362"]
[BlackElo "2585"]
[WhiteFideId "4149416"]
[BlackFideId "14103052"]
[EventDate "2015.05.14"]
[EventType "swiss"]

1. Nf3 Nf6 2. d4 g6 3. Bf4 Bg7 4. h3 O-O 5. e3 d6 6. Be2 Nc6 7. O-O e5 8. dxe5
Ne4 9. Bh2 Nxe5 10. c3 Nxf3+ 11. Bxf3 Ng5 12. Be2 b6 13. Nd2 Bb7 14. Nf3 Re8 15.
Nxg5 Qxg5 16. Bf3 Be4 17. Bxe4 Rxe4 18. Qd3 Ra4 19. a3 Qc5 20. Rfc1 a5 21. Rc2
Qc4 22. Qxc4 Rxc4 23. a4 Rb8 24. Kf1 b5 25. axb5 Rxb5 26. Ke2 f5 27. Kd3 Rc6 28.
Ra4 Kf7 29. e4 fxe4+ 30. Rxe4 Rcb6 31. Ree2 Rd5+ 32. Ke4 Rd1 33. Bf4 a4 34. Red2
Rg1 35. g3 Rb1 36. Be3 Rb5 37. Bd4 d5+ 38. Kd3 Bh6 39. Be3 Bf8 40. Bf4 c5 41.
Ke2 Ke6 42. c4 dxc4 43. Rxc4 Rb4 44. Rcc2 c4 45. Be3 Bg7 46. Bc5 R4xb2 47. Rxc4
Rxd2+ 48. Kxd2 Kd5 49. Rxa4 Kxc5 50. Ra7 Bd4 51. Rf7 h5 52. Ke2 Kd5 53. Kf3 Rb6
54. h4 Ke6 55. Rf8 Bf6 56. Re8+ Be7 57. Rc8 Rb5 58. Rc4 Rf5+ 59. Kg2 Bc5 60. Rc2
Kd5 61. Re2 Rf6 62. Ra2 Ke4 63. Rd2 Ra6 64. Rd7 Rf6 65. Rd2 Bd4 66. Re2+ Kd3 67.
Ra2 Re6 68. Ra3+ Ke2 69. Rf3 Re4 70. Rb3 Re6 71. Rf3 Ke1 72. Rf4 Bb2 73. Rf3 Bc1
74. Kg1 Re2 75. Kg2 Bd2 76. Rf6 Be3 77. Rxg6 Bxf2 78. Kf3 Ra2 79. Rg5 Ra3+ 80.
Ke4 Bxg3 81. Rxh5 Bxh4 82. Re5 Bg3 83. Re6 Kd2 84. Rg6 Ra4+ 85. Kf3 Be5 86. Rg4
Bd4 87. Ke4 Kc3 88. Rg8 Kc4 89. Rd8 Bb6 90. Rd1 Kc5+ 91. Ke3 Kc6+ 92. Kf3 Rc4
93. Rd3 Bd4 94. Ke4 Kc5 95. Rd1 Bc3+ 96. Kf5 Rh4 97. Rd8 Ba5 98. Rd1 Rh2 99. Ke4
Bd2 100. Kd3 Bh6 101. Ke4 Re2+ 102. Kf5 Bd2 103. Kg4 Kd4 104. Ra1 Rf2 105. Ra4+
Ke5 106. Ra2 Rf4+ 107. Kg3 Be1+ 108. Kg2 Kf5 109. Ra1 Re4 110. Kf3 Bb4 111. Rh1
Ke5 112. Rh5+ Kd4 113. Rh7 Re3+ 114. Kf4 Bd6+ 115. Kf5 Kd5 116. Rh1 Rf3+ 117.
Kg4 Rf4+ 118. Kg5 Be5 119. Rb1 Rf3 120. Kg4 Rf2 121. Re1 Rf4+ 122. Kh3 Rf3+ 123.
Kg2 Rd3 124. Re2 Ke6 125. Rf2 Bd4 126. Rf1 Rd2+ 127. Kg3 Be5+ 128. Kf3 Rd3+ 1/2-1/2

[Event "34th Zalakaros Open 2015"]
[Site "Zalakaros HUN"]
[Date "2015.05.15"]
[Round "2.20"]
[White "Prohaszka, Peter2"]
[Black "Nagy, Gabor1"]
[Result "1-0"]
[WhiteTitle "GM"]
[BlackTitle "IM"]
[WhiteElo "2582"]
[BlackElo "2396"]
[WhiteFideId "726265"]
[BlackFideId "737119"]
[EventDate "2015.05.14"]
[EventType "swiss"]

1. d4 Nf6 2. c4 e6 3. Nf3 b6 4. g3 Bb7 5. Bg2 Be7 6. O-O O-O 7. Nc3 Ne4 8. Qc2
Nxc3 9. Qxc3 Be4 10. b3 d6 11. Bb2 Nd7 12. Rad1 c6 13. Nd2 Bxg2 14. Kxg2 d5 15.
e4 a5 16. Qf3 Bb4 17. Nb1 Rc8 18. c5 bxc5 19. a3 cxd4 20. axb4 e5 21. exd5 axb4
22. dxc6 Nc5 23. Rfe1 e4 24. Rxe4 Nxe4 25. Qxe4 Re8 26. Qxd4 Qg5 27. Qc4 h5 28.
Nd2 Qg6 29. Rc1 h4 30. Nf3 Re4 31. Qd5 h3+ 32. Kxh3 Re2 33. Qd4 1-0

[Event "34th Zalakaros Open 2015"]
[Site "Zalakaros HUN"]
[Date "2015.05.15"]
[Round "2.21"]
[White "Donchenko, Alexander"]
[Black "Juhasz, Armin"]
[Result "1-0"]
[WhiteTitle "IM"]
[BlackTitle "FM"]
[WhiteElo "2570"]
[BlackElo "2303"]
[WhiteFideId "24603295"]
[BlackFideId "724270"]
[EventDate "2015.05.14"]
[EventType "swiss"]

1. d4 Nf6 2. c4 g6 3. g3 Bg7 4. Bg2 O-O 5. Nc3 d6 6. Nf3 Nbd7 7. O-O e5 8. e4 c6
9. h3 exd4 10. Nxd4 Qb6 11. Nde2 Nc5 12. Qc2 Re8 13. Be3 Nfd7 14. Rad1 Qc7 15.
b4 Ne6 16. f4 a5 17. a3 axb4 18. axb4 Nb6 19. Qb3 Nf8 20. c5 dxc5 21. bxc5 Nbd7
22. e5 Nb8 23. Ne4 Be6 24. Qb6 Qxb6 25. cxb6 Na6 26. Nd6 Re7 27. Ra1 f6 28. Ra5
fxe5 29. fxe5 Nc7 30. Nxb7 Rb8 31. Bxc6 Bc4 32. Bg5 Rxe5 33. bxc7 Rc8 34. Rxe5
Bxe5 35. Bd8 Bxc7 36. Rc1 Rxd8 37. Rxc4 Bb6+ 38. Kg2 Rd2 39. Bf3 Ne6 40. Rc6 1-0

[Event "34th Zalakaros Open 2015"]
[Site "Zalakaros HUN"]
[Date "2015.05.15"]
[Round "2.22"]
[White "Morrison, Graham SCO"]
[Black "Medvegy, Zoltan"]
[Result "0-1"]
[WhiteTitle "FM"]
[BlackTitle "GM"]
[WhiteElo "2351"]
[BlackElo "2535"]
[WhiteFideId "2400090"]
[BlackFideId "708402"]
[EventDate "2015.05.14"]
[EventType "swiss"]

1. d4 e6 2. c4 Bb4+ 3. Bd2 a5 4. g3 d6 5. Nf3 Nc6 6. Bg2 e5 7. O-O exd4 8. Nxd4
Nxd4 9. Bxb4 axb4 10. Qxd4 Nf6 11. c5 dxc5 12. Qxc5 Qe7 13. Rc1 Qxc5 14. Rxc5 c6
15. Rc4 b3 16. a3 Be6 17. Rb4 O-O-O 18. Nc3 Rd2 19. a4 Rxb2 20. a5 Rc2 21. Na4
Kc7 22. f4 g6 23. e4 Rd8 24. f5 Rdd2 25. Bf3 Ra2 26. Re1 gxf5 27. exf5 Bd5 28.
Bxd5 Nxd5 29. Rh4 h5 0-1

[Event "34th Zalakaros Open 2015"]
[Site "Zalakaros HUN"]
[Date "2015.05.15"]
[Round "2.23"]
[White "Horvath, Adam1"]
[Black "Banas, Jan"]
[Result "1-0"]
[WhiteTitle "GM"]
[BlackTitle "IM"]
[WhiteElo "2528"]
[BlackElo "2281"]
[WhiteFideId "708003"]
[BlackFideId "14900076"]
[EventDate "2015.05.14"]
[EventType "swiss"]

1. e4 c5 2. Nf3 d6 3. d4 cxd4 4. Nxd4 Nf6 5. Nc3 Nc6 6. Bg5 e6 7. Qd2 a6 8.
O-O-O Bd7 9. f3 Nxd4 10. Qxd4 Be7 11. h4 h6 12. Be3 Bc6 13. Kb1 Qc7 14. g4 Nd7
15. Be2 O-O-O 16. a3 h5 17. g5 g6 18. f4 Nc5 19. Bf3 e5 20. Qd2 Ne6 21. Qf2 Nxf4
22. Bb6 Qd7 23. Bxd8 Rxd8 24. Ne2 Nxe2 25. Qxe2 Kb8 26. Bg2 Qg4 27. Bf3 Qe6 28.
Qe3 f6 29. gxf6 Qxf6 30. Rdf1 Qe6 31. Be2 Rc8 32. Bd3 Be8 33. Qf3 Bd7 34. Qe3
Be8 35. Qf2 Bd7 36. Rhg1 Rf8 37. Qb6 Rxf1+ 38. Rxf1 Kc8 39. Rf3 d5 40. Qa7 Bc6
41. Bf1 Qd6 42. Rc3 d4 43. Rc4 Bxh4 44. b4 Kd8 45. Rc5 Ke8 46. Qa8+ Kf7 47. Bxa6
Bxe4 48. Bxb7 Bf5 49. Be4 Be7 50. Bxf5 gxf5 51. Qf3 Qg6 52. Rxe5 Qg1+ 53. Ka2
Qg4 54. Qd5+ 1-0